| 000 | 00835nam a22002777a 4500 | ||
|---|---|---|---|
| 003 | CHAP | ||
| 005 | 20220329134353.0 | ||
| 008 | 971013s1975 r 00010 d | ||
| 010 | _a19489 | ||
| 011 | _a20461 | ||
| 035 | _a24549 | ||
| 040 | _cCHAP | ||
| 082 |
_a540.3 _bD5Y |
||
| 245 | _aDiccionario Rioduero de química | ||
| 260 |
_aMadrid : _bEd. Rioduero, _c1975 |
||
| 300 |
_a269 p. _b: ilus. |
||
| 590 |
_aBATCH-UPD _b10 _c20130110 _lUCH01 _h2018 |
||
| 590 |
_aBATCH-UPD _b10 _c20130410 _lUCH01 _h1336 |
||
| 590 |
_aBATCH-UPD _b10 _c20130914 _lUCH01 _h1949 |
||
| 590 |
_aCONVERSION _b10 _c20130109 _lUCH01 _h1312 |
||
| 650 | 1 | 4 |
_aQuímica _xDiccionarios. _993558 |
| 901 | _aBK | ||
| 942 | _cLIBRO | ||
| 949 |
_a540.3 D5Y _bBC _cC _d33724000618674 _eC _h53920 _i24549 _si |
||
| 949 |
_a540.3 D5Y _bBC _cLIBRO _d-56538 _eC _fc.2 _h53921 _i24549 _si |
||
| 999 |
_c19489 _d19489 |
||